| 000 | 00529 a2200181 4500 | ||
|---|---|---|---|
| 003 | OSt | ||
| 005 | 20231213094358.0 | ||
| 008 | 231213b |||||||| |||| 00| 0 eng d | ||
| 020 | _a8171302602 | ||
| 040 | _coclc | ||
| 082 |
_a894.8123 _bBAS/N |
||
| 100 |
_aBasheer, Vaikom Muhammad _97034 |
||
| 245 |
_aNtuppuppaakkoraanendaarnnu! / _cVaikom Muhammad Basheer |
||
| 250 | _a47th ed. | ||
| 260 |
_aKottayam: _bD C Books, _c2023. |
||
| 300 | _a128p. | ||
| 942 |
_2ddc _cBK _h894.8123 _iBAS/N _k894.8123 _mBAS/N |
||
| 999 |
_c44084 _d44084 |
||